Bruges - Choix multiples - Statistiques

Statistiques générales
  • Ce quiz a été pris 1 771 fois
    1 629 depuis la dernière actualisation
  • Le résultat moyen est 6 sur 10
Statistiques - réponses
Question Réponse % Correct
Quel surnom donne-t-on souvent à Bruges ? Venise du Nord
86%
Quelle course cycliste part régulièrement de Bruges ? Tour des Flandres
81%
Laquelle de ces photos représente la ville de Bruges ?
76%
De quelle province belge Bruges est-elle le chef-lieu ? Flandre-Occidentale
63%
Comment traduit-on “Brugse Zot”, surnom donné aux habitants de Bruges ? Fous de Bruges
56%
Quel film britannique célèbre se déroule à Bruges ? Bons baisers de Bruges
55%
Quels sont les noms des petites maisons typiques de Bruges ?
20c025cf31-450.webp
Maison-Dieu
47%
Le palais des ducs de quel ancien État ayant régné sur les Pays-Bas se trouve à Bruges ? Bourgogne
43%
Quel quadruple champion NBA est né à Bruges ? Tony Parker
41%
Laquelle de ces processions a lieu chaque année à Bruges pour l'Ascension ? Procession du Saint-Sang
40%
Aucun quiz correspondant
Distribution des résultats
% des personnes avec chaque résultat
Percentile par nombre de réponses
Votre historique - résultats
Vous n’avez pas pris ce quiz depuis la dernière actualisation